00315nam a22001217a 4500003000500000005001700005008004100022040000900063082001500072245005900087246003700146300001000183Nust20170228112855.0170228b xxu||||| |||| 00| 0 eng d cASAB a301.07 TAG atheory & research in sociologybfor all degree classes atheory and research in sociology a200 p